Fundamentals of Mechanical Vibrations / (Record no. 1256)

000 -LEADER
fixed length control field 00323 a2200121 4500
020 ## - INTERNATIONAL STANDARD BOOK NUMBER
International Standard Book Number 0072300922
082 ## - DEWEY DECIMAL CLASSIFICATION NUMBER
Classification number 624.176 KEL
100 ## - MAIN ENTRY--PERSONAL NAME
Personal name Kelly,S.G.
245 ## - TITLE STATEMENT
Title Fundamentals of Mechanical Vibrations /
Statement of responsibility, etc. S.G.Kelly
250 ## - EDITION STATEMENT
Edition statement 2nd. ed.
260 ## - PUBLICATION, DISTRIBUTION, ETC.
Place of publication, distribution, etc. Boston:
Date of publication, distribution, etc. McGraw Hill ,
Name of publisher, distributor, etc. 2000
300 ## - PHYSICAL DESCRIPTION
Extent xi,629p. :
Other physical details ill . ;
Dimensions 25cm
Accompanying material 1 CD-ROM
650 ## - SUBJECT ADDED ENTRY--TOPICAL TERM
Topical term or geographic name entry element vibration
Holdings
Withdrawn status Lost status Damaged status Not for loan Permanent Location Current Location Shelving location Date acquired Total Checkouts Total Renewals Full call number Barcode Date last seen Date last checked out Price effective from Koha item type
        School of Civil and Environmental Engineering (SCEE) School of Civil and Environmental Engineering (SCEE)   01/05/2017 2 1 624.176 KEL NIT-383 10/19/2023 03/05/2021 01/05/2017 Book
© 2023 Central Library, National University of Sciences and Technology. All Rights Reserved.